[Event "1. Wolfgang-Schoebel-Gedenkturnier"]
[Site "Schoeneck"]
[Date "2017.12.30"]
[Round "7"]
[White "Meyer, Kai Christian"]
[Black "Penzel, Nils"]
[Result "1-0"]
[WhiteElo "2153"]
[BlackElo "2146"]
[PlyCount "59"]
[EventDate "2017.12.27"]
[EventType "swiss"]
[EventRounds "7"]
[EventCountry "GER"]

1. c4 c5 2. Nc3 Nc6 3. g3 g6 4. Bg2 Bg7 5. Nf3 e6 6. d3 Nge7 7. Bd2 O-O 8. O-O
b6 9. Rb1 Bb7 10. a3 d6 11. b4 Qd7 12. Nb5 Nd4 13. Nfxd4 Bxg2 14. Nxe6 Bxf1 15.
Nxf8 Rxf8 16. Qxf1 Nc6 17. Bc3 Re8 18. Bxg7 Kxg7 19. e4 Ne5 20. f4 Ng4 21. Nc3
h5 22. Re1 Nf6 23. h3 Re7 24. b5 Qb7 25. a4 Re8 26. Rb1 Nd7 27. Qg2 Nf8 28. Nd5
Ne6 29. a5 Nd4 30. Ra1 1-0

[Event "1. Wolfgang-Schoebel-Gedenkturnier"]
[Site "Schoeneck"]
[Date "2017.12.30"]
[Round "7"]
[White "Pomrehn, Ole Magnus"]
[Black "Eull, Emil"]
[Result "1-0"]
[WhiteElo "1535"]
[BlackElo "1167"]
[PlyCount "113"]
[EventDate "2017.12.27"]
[EventType "swiss"]
[EventRounds "7"]
[EventCountry "GER"]

1. d4 Nf6 2. Nf3 c5 3. c3 cxd4 4. cxd4 g6 5. Nc3 Bg7 6. e3 O-O 7. Bd3 e6 8. O-O
b6 9. Qe2 Re8 10. Bd2 Bb7 11. Rac1 a6 12. Rfd1 Nd5 13. Nxd5 Bxd5 14. b3 b5 15.
Rc2 Nc6 16. Rdc1 Qf6 17. e4 Nxd4 18. Nxd4 Qxd4 19. exd5 f5 20. Bc3 Qxd5 21.
Bxg7 Kxg7 22. Rc5 Qd4 23. Qe5+ Qxe5 24. Rxe5 Kf6 25. Re2 Rac8 26. Rec2 Rxc2 27.
Rxc2 Ke7 28. f3 Ra8 29. Kf2 Kd8 30. Ke3 Rc8 31. Rxc8+ Kxc8 32. Kd4 d6 33. a4 a5
34. Bxb5 Kc7 35. f4 h6 36. g3 g5 37. h3 Kb6 38. Bd7 e5+ 39. fxe5 dxe5+ 40. Kxe5
g4 41. hxg4 fxg4 42. Bxg4 Kc5 43. Be6 Kb4 44. Kd4 h5 45. Ke4 Kc5 46. Kf4 Kd6
47. Bc4 Ke7 48. Kg5 Kf8 49. Kxh5 Kg7 50. g4 Kh8 51. Kg5 Kg7 52. b4 Kh8 53. b5
Kh7 54. b6 Kh8 55. b7 Kh7 56. b8=Q Kg7 57. Qg8# 1-0

[Event "1. Wolfgang-Schoebel-Gedenkturnier"]
[Site "Schoeneck"]
[Date "2017.12.30"]
[Round "7"]
[White "Rabiya, Karim"]
[Black "Althaus, Lennart"]
[Result "1-0"]
[WhiteElo "1890"]
[BlackElo "1247"]
[PlyCount "77"]
[EventDate "2017.12.27"]
[EventType "swiss"]
[EventRounds "7"]
[EventCountry "GER"]

1. e4 c5 2. Nf3 d6 3. d4 cxd4 4. Nxd4 Nf6 5. Nc3 a6 6. g4 Bxg4 7. f3 Bd7 8. Be3
e6 9. Rg1 Nc6 10. Qd2 Rc8 11. O-O-O b5 12. a3 b4 13. Nxc6 bxc3 14. Qd4 cxb2+
15. Kxb2 Bxc6 16. Bxa6 Rb8+ 17. Ka2 Qa5 18. Qc4 Bb5 19. Bxb5+ Qxb5 20. Qc3 Qd7
21. Rb1 Rxb1 22. Rxb1 Be7 23. Rb8+ Bd8 24. Qb4 O-O 25. c4 d5 26. e5 Be7 27. c5
Ne8 28. Rb7 Qd8 29. Qa4 f6 30. c6 fxe5 31. Bb6 Qd6 32. Rd7 Qb8 33. Ba7 Qc8 34.
Rxe7 Rxf3 35. Bb6 Rf7 36. Rd7 Qb8 37. Qb4 Rxd7 38. cxd7 Nc7 39. Qd6 1-0

[Event "1. Wolfgang-Schoebel-Gedenkturnier"]
[Site "Schoeneck"]
[Date "2017.12.30"]
[Round "7"]
[White "Romero Flores, Antonio"]
[Black "Penzel, Frank"]
[Result "1-0"]
[WhiteElo "1884"]
[BlackElo "2107"]
[PlyCount "69"]
[EventDate "2017.12.27"]
[EventType "swiss"]
[EventRounds "7"]
[EventCountry "GER"]

1. e4 e5 2. Nf3 Nc6 3. Bb5 a6 4. Ba4 b5 5. Bb3 Be7 6. O-O Nf6 7. Re1 d6 8. c3
O-O 9. h3 Na5 10. Bc2 c5 11. d3 h6 12. Nbd2 Re8 13. Nf1 Bf8 14. Ng3 Nc6 15. a4
b4 16. Nh2 d5 17. Qf3 Be6 18. Ng4 Nxg4 19. hxg4 g6 20. Nf5 dxe4 21. dxe4 b3 22.
Bd3 gxf5 23. gxf5 Qf6 24. Qh5 c4 25. Bf1 Ne7 26. fxe6 Qxe6 27. Re3 Kh7 28. Rh3
Rac8 29. Rf3 Ng6 30. g3 Rc6 31. Bg5 Rc7 32. Bh3 Qd6 33. Rf6 Qd3 34. Bf5 Kg8 35.
Bxg6 1-0